000 00577nam a2200205 i 4500
001 bg
100 1 _aGierek, Adam
_d(1938- ).
245 0 _aŻeliwo stopowe jako tworzywo konstrukcyjne /
_cAdam Gierek, Lech Bajka.
260 _a[Katowice] :
_b"Śląsk",
_c1976.
300 _as. 230 :
_brys., tab.
504 _a[Zawiera bibliogr. s. 219-231].
650 9 _aTworzywa konstrukcyjne
650 9 _aŻeliwo
_xstosowanie
700 1 _aBajka, Lech.
040 _cBPK
041 _apol
080 _a669.15:669.13
942 _cKS
008 s pl f |000 0 pol
999 _c17135
_d17135
856 _uhttp://koha.tu.koszalin.pl/cgi-bin/koha/opac-detail.pl?biblionumber=17135
_yKatalog online BPK